000 00577nam a2200217Ia 4500
005 20260429111937.0
008 260429s9999||||xx |||||||||||||| ||und||
020 _a9788131614587
041 _aEnglish
082 _a910
_bCHI
100 _aChisholm, Michael
245 0 _aStudies in human geography /
_cMichael Chisholm
250 _a1st ed.
260 _aJaipur :
_bRawat Publications ,
_c2025.
300 _aix, 305 p.; hb
650 _a Population studies
650 _a Social geography
650 _aHuman geography
700 _a Rodgers, Brian
942 _cTB
999 _c51544
_d51544